| 000 | 00658nam a2200169Ia 4500 | ||
|---|---|---|---|
| 008 | 090123s9999 xx 000 0 und d | ||
| 082 | _b33643 | ||
| 100 | _aजायस्वाल जयनारायण | ||
| 245 | _aघरच्याघरी मजास चिकित्सा | ||
| 250 | _a1 | ||
| 260 |
_bराम रहिम _c2001 |
||
| 600 | _aजायस्वाल जयनारायण | ||
| 630 | _aघरच्याघरी मजास चिकित्सा | ||
| 700 | _aजायस्वाल जयनारायण | ||
| 730 | _aघरच्याघरी मजास चिकित्सा | ||
| 942 | _cBOOK | ||
| 999 |
_c71702 _d71702 |
||